Teams with more than one League Cup win - Statistics

General Stats
  • This quiz has been taken 914 times
  • The average score is 9 of 12
Answer Stats
Number of Wins Team % Correct
4 Manchester United
99%
2 Arsenal
97%
8 Liverpool
97%
4 Chelsea
95%
2 Manchester City
90%
5 Aston Villa
83%
4 Nottingham Forest
64%
4 Tottenham Hotspur
54%
2 Wolverhampton Wanderers
49%
3 Leicester City
48%
2 Birmingham City
45%
2 Norwich City
37%
No matching quizzes found
Score Distribution
Percent of People with Each Score
Percentile by Number Answered
Your Score History
You have not taken this quiz